000 00298nam a22001337a 4500
003 SGT
020 _a9781032853697
082 _a741.3
_bOKU
100 _aOKUN JEFFREY A
245 _aTHE VES HANDBOOK OF VISUAL EFFECTS
260 _aU.K
_bROUTLEDGE PUB
_c2026
300 _a847
942 _2ddc
_cBK
999 _c34664
_d34664